00410nam a2200193Ia 4500003000900000008004100009040001300050040001300063041000800076100002300084245002700107250001200134260001200146260000900158300001100167300001200178490002000190490000600210IT-RoPAU120407s9999 xx 000 0 und d aIT-RoPAU cIT-RoPAU aita aRainer Maria Rilke aLe storie del buon Dio aMilano  aRizzoli c1978 a179 p. c15,5 cm aIl ramo d’oro v1